Excel 2016 a 2019 - pokročilé nástroje: Funkce, databáze, kontingenční tabulky, prezentace, příklady /

Salvato in:
Dettagli Bibliografici
Autore principale: Laurenčík, Marek (Autore)
Natura: Libro
Lingua:ceco
Pubblicazione: Praha: Grada, 2020
Serie:edice Průvodce
Soggetti:
Tags: Aggiungi Tag
Nessun Tag, puoi essere il primo ad aggiungerne!!

MARC

LEADER 00000nam a22000003a 4500
001 0090741
003 SK-STU
005 20211007112656.7
007 ta
008 211007s ----xo-----e------000-0-----d
020 |a 978-80-271-2471-8 
040 |a STU  |b slo 
041 0 |a cze  |h cze 
044 |a xr 
100 1 |a Laurenčík, Marek  |4 aut  |r Z6 
245 1 0 |a Excel 2016 a 2019 - pokročilé nástroje:  |b Funkce, databáze, kontingenční tabulky, prezentace, příklady /  |c aut. Marek Laurenčík 
260 |a Praha:  |b Grada,  |c 2020 
300 |a 256 s. 
490 0 |a edice Průvodce 
650 0 7 |a Excel 
650 0 7 |a tabuľky 
650 0 7 |a výpočty 
650 0 7 |a funkcie 
650 0 7 |a štatistika 
996 |c V* 53184/O-24344  |l VV3  |s P  |a 0  |w 0090741_0001